000 00726nam a2200289Ia 4500
005 20260324140435.0
008 008 260324s9999 xx 000 0 eng d
020 _a9780429460760
037 _aEBOOK
040 _aCRL
040 _beng
040 _cCRL
041 _2eng
041 _aeng
084 _qCRL
100 _aBleddyn Davies; José Fernández
_91200313
245 0 _aCommunity Care in England and France
245 0 _bReforms and the Improvement of Equity and Efficiency
260 _bTaylor and Francis
260 _c1998
365 _a
365 _b180
856 _uhttp://www.taylorfrancis.com/books/9780429460760
942 _cEBOOK
999 _c1806495
_d1806495